Nhận diện tầng lớp trung lưu ở Việt Nam qua cách tiếp cận đa chiều /

Zapisane w:
Opis bibliograficzny
1. autor: Lê Kim Sa.
Format: Artykuł
Język:Vietnamese
Hasła przedmiotowe:
Etykiety: Dodaj etykietę
Nie ma etykietki, Dołącz pierwszą etykiete!
Thư viện lưu trữ: Thư viện Trường Đại học Đà Lạt
LEADER 00784nam a2200265 4500
001 DLU180187937
005 ##20181017
040 # # |a DLU  |b vie 
041 # # |a vie 
044 # # |a vn 
100 # # |a Lê Kim Sa. 
245 # # |a Nhận diện tầng lớp trung lưu ở Việt Nam qua cách tiếp cận đa chiều /  |c Lê Kim Sa. 
653 # # |a Chỉ số trung lưu 
653 # # |a Tầng lớp trung lưu  
653 # # |a Việt Nam 
773 # # |t Kinh tế & Phát triển  |g Số 228, 2016, tr. 24-32 
920 # # |a Phòng Tạp chí -- Trung tâm Thông tin - Thư viện Trường Đại học Đà Lạt 
994 # # |a DLU 
900 # # |a True 
911 # # |a Nguyễn Thị Thu Phương 
925 # # |a G 
926 # # |a A 
927 # # |a BB 
980 # # |a Thư viện Trường Đại học Đà Lạt